| 000 | 00998cam a2200253 a 4500 | ||
|---|---|---|---|
| 999 |
_c328647 _d328647 |
||
| 001 | 14521227 | ||
| 003 | Nust | ||
| 005 | 20170412163917.0 | ||
| 008 | 060826s1999 nyu 000 d eng d | ||
| 010 | _a 2006471077 | ||
| 020 | _a0822217333 (pbk.) | ||
| 035 | _a(OCoLC)ocm45145113 | ||
| 040 |
_aIHC _cIHC _dOCLCQ _dBAKER _dDLC |
||
| 042 | _alccopycat | ||
| 050 | 0 | 0 |
_aPR6066.I53 _bD83 1999 |
| 082 | 0 | 0 |
_a822.914 PIN _222 |
| 100 | 1 |
_aPinter, Harold, _d1930-2008. |
|
| 245 | 1 | 4 |
_aThe dwarfs : _band nine revue sketches / _cby Harold Pinter. |
| 260 |
_aNew York : _bDramatists Play Service, _cc1999. |
||
| 300 |
_a52 p. ; _c20 cm. |
||
| 505 | 0 | 0 | _aThe dwarfs -- Trouble in the works -- The black and white -- Request stop -- Last to go -- Applicant -- Interview -- That's all -- That's your trouble -- The new world order. |
| 906 |
_a7 _bcbc _ccopycat _d2 _encip _f20 _gy-gencatlg |
||
| 942 |
_2ddc _cBK |
||